000 01308nam a2200253 a 4500
001 44381
003 BD-RjUL
005 20211209053839.0
008 170305r1991 ii ||||| |||| 00| 0 ben d
020 _c: IRs 50.00
035 _a(BD-RjUL)
040 _aBD-RjUL
_bben
_cBD-RjUL
_dBD-RjUL
041 _aben
082 _223
_a891.44092
_bMUD 1991
100 1 _aমুখোপাধ্যায়, দুর্গাশঙ্কর
_9119725
245 1 0 _aদ্বিজেন্দ্রলাল রায়-জীবন ও সাহিত্য :
_bদ্বিজেন্দ্রলাল রায় রীভারশিপ-বক্তৃতা কলকাতা বিশ্ববিদ্যালয় প্রদত্ত /
_cদুর্গাশঙ্কর মুখোপাধ্যায়
260 _aকলিকাতা :
_bমর্ডাণ বুক এজেন্সী প্রাইভেট লিমিটেড,
_c১৯৯১ [১৩৯৮]
300 _a৩২০ পৃ. ;
_c২১ সেমি.
600 _aদ্বিজেন্দ্রলাল
_xজীবনী
_9190922
600 _aDijendrolal
_xBiography
_9190923
650 _aবাংলা সাহিত্য
_9136223
650 _aBengali Literature
_9188343
942 _2ddc
_cBK
999 _c44381
_d44381